000 00711nam a2200205Ia 4500
003 LDD
008 190117s9999 xx 000 0 und d
020 _a8170555183
_c₹95
040 _cLDD
041 _ahi
082 _a8H7.7 प6474अ-2
100 _aपरसाई, हरिशंकर
245 0 _aअपनी अपनी बीमारी
_cहरिशंकर परसाई
250 _aद्वितीय संस्करण
260 _aनई दिल्ली
_bवाणी प्रकाशन
_c2001
300 _a139पृ.
901 _aVANI
904 _aReqst by : Parakh, Jawarimal (Dr.)
942 _2ddc
_cH
999 _c162921
_d162921